000 00866nam a2200277 4500
003 OSt
005 20260601193846.0
008 260508b1997 mx a|||| |||| 00| 0 spa d
040 _aICI
_bspa
_cICI
041 _aspa
050 _aNK5309.S8
_bC75 1977
245 1 _aCristal Contemporáneo de Suecia
264 _aMéxico :
_bMuseo Franz Mayer
_c1997
300 _a12 páginas
336 _atexto
_2rdacontent
337 _asin medio
_2rdamedia
338 _avolumen
_2rdacarrier
500 _aObra ilustrada sobre diseño y producción de cristal artístico sueco contemporáneo
650 _aCristalería artística
_zSuecia
_931386
650 _aVidrio en el arte
_931387
650 _aDiseño escandinavo
650 _aArtes decorativas
_zSuecia
_931389
650 _aDiseño industrial
_zSuecia
655 _2local
_aLibros ilustrados
942 _2lcc
_cB
_n1
999 _c21627
_d21627